000 00494nam a2200181Ia 4500
005 20250508162934.0
008 008 250505s9999 xx 000 0 eng d
037 _aTextual
040 _aFEDL
_beng
_cFEDL
041 _aeng
_2eng
084 _a378, ASS
_qFEDL
100 _aAssiter Alison
245 0 _aUsing records of achievement in higher education
260 _aLondon, UK
_bKogan Page
_c1993
300 _a159p.
942 _cTEXL
_h378, ASS
999 _c1379540
_d1379540